Statistiken für Papageien

Klicken Sie hier um das Quiz zu spielen!

Allgemein

  • Dieses Quiz wurde 64 mal gespielt
  • Das Durchschnittsergebnis liegt bei 6 aus 12

Antwortstatistiken

Antwort% Korrekt
Hellroter Ara
94%
Wellensittich
94%
Graupapagei
73%
Kea
62%
Nymphensittich
62%
Allfarblori
42%
Blaustirnamazone
37%
Pfirsichköpfchen
37%
Alexandersittich
35%
Sonnensittich
29%
Rosakakadu
25%
Edelpapagei
19%

Verteilung der Resultate

Perzentil nach korrekt beantworteten Fragen

Anzahl Personen mit jedem Resultat

Ihre Resultats-Entwicklung

Sie haben dieses Quiz noch nicht gespielt